South Park 2.0 - Statistics

General Stats
  • This quiz has been taken 1,188 times
  • The average score is 10 of 15
Answer Stats
Hint Answer % Correct
Who is the Coon? Cartman
98%
What is the name of the Black kid? Token
97%
What is Stan's girlfriend called? Wendy
97%
Who is Mysterion? Kenny
96%
What is the name of Stan's dad? Randy
94%
What is Butters first name? Leopold
85%
What is the name of Kyle's mum? Sheila
77%
What did Stan do when his girlfriend talked to him? Vomits
76%
What is the name of Cartmans Theme Park? Cartmanland
65%
Who gets liposuction? Butters
48%
What do the aliens think is the most intelligent life form on earth? Cow
45%
How much money does Cartman inherit off his gran when she dies? $1000000
42%
What do Peruvian Flute bands protect South Park from? Giant Guinea Pigs
39%
What is the name of the porno, the boys think is the lord of the rings? Back door sluts 9
38%
What gun does Butter's give Jesus to save him in imaginationland? M60
7%
No matching quizzes found
Score Distribution
Percent of People with Each Score
Percentile by Number Answered
Your Score History
You have not taken this quiz